Online
Catalog

Cuba de Vuelta : (Record no. 42678)

MARC details
000 -CABECERA
campo de control de longitud fija 00451nam a2200145 a 4500
001 - NÚMERO DE CONTROL
campo de control 000043189
005 - FECHA Y HORA DE LA ÚLTIMA TRANSACCIÓN
campo de control 20201002040716.0
008 - DATOS DE LONGITUD FIJA--INFORMACIÓN GENERAL
campo de control de longitud fija 140221s1993 cu 000 0 spa d
020 ## - NÚMERO INTERNACIONAL ESTÁNDAR DEL LIBRO
Número Internacional Estándar del Libro 9507423516
040 ## - FUENTE DE LA CATALOGACIÓN
Centro catalogador/agencia de origen DO-SdBNP
Lengua de catalogación spa
Centro/agencia transcriptor BNPHU
100 1# - ENTRADA PRINCIPAL--NOMBRE DE PERSONA
Nombre de persona Gilbert, Abel
Fechas asociadas al nombre 1960-
9 (RLIN) 70780
245 10 - MENCIÓN DE TÍTULO
Título Cuba de Vuelta :
Resto del título el presente y el futuro de los hijos de la revolución /
Mención de responsabilidad, etc. Abel Gilbert.
260 ## - PUBLICACIÓN, DISTRIBUCIÓN, ETC.
Lugar de publicación, distribución, etc. Argentina :
Nombre del editor, distribuidor, etc. Planeta,
Fecha de publicación, distribución, etc. 1993.
300 ## - DESCRIPCIÓN FÍSICA
Extensión 320 p. ;
Dimensiones 23 cm.
Holdings
Estado de retiro Estado de pérdida Restricciones de uso No para préstamo Código de colección Localización permanente Ubicación/localización actual Ubicación en estantería Fecha de adquisición Número de inventario Total de préstamos Signatura topográfica completa Código de barras Fecha visto por última vez Precio válido a partir de Tipo de ítem Koha Número de copia
      Excluido de préstamo Monografías: Libros y Folletos General General En catalogación 21.02.2014 LF1   43189-10 25.06.2020 25.06.2020 No se presta  
      Excluido de préstamo Monografías: Libros y Folletos General General En catalogación 14.03.2014 LF1   43189-20 25.06.2020 25.06.2020 No se presta e. 2

Powered by Koha